Quizzes
Events
Quiz Creation
Community
Videos
Private Events
Remove Ads
Sign In
Join for FREE
Feedback
Dark Mode
Quiz Categories
Sports
Geography
Music
Movies
Television
Just For Fun
Miscellaneous
History
Literature
Language
Science
Gaming
Entertainment
Religion
Holiday
For Kids
Quiz Lab
Recent
Popular Today
Quiz Kudos Today
Editor Picks
Curator Picks
Quizzes by...
Day
Popularity
Type
Ratings
Length
Year
Community
Subscriptions
Recent Discussions
Orange Saloon
Badges
Playlists
Quests
Create
Leaderboards
Showdown
Live 5
Trivia Bingo
Activity
Puzzle Library
Sporcle Events
Private Events
Virtual Trivia
Globe League
Become a Host
Pub Owners
SporcleCon
Opinionation
Our Games
Videos
Blog
Mobile Apps
Partnerships
Remove Ads and Go Orange
Feedback
Language
Vocabulary
Begins and Ends
Definition
Spanish
French
German
Italian
Chinese
Latin
Translation
Japanese
Language
Vocabulary
Begins and Ends
Definition
Spanish
French
German
Italian
Chinese
Latin
Translation
Japanese
Random Quiz
Search Sporcle
×
Quiz Lab
Quiz Lab
Language
Chinese
Type in answers that appear in a list
Type in answers that appear in a list
Classic
Best Score? Go Orange.
Chinese Lesson 7 Stats
Can you name the english words?
By
findavidson
16m
78 Questions
7 Plays
7 Plays
7 Plays
Comments
Comments
Give Quiz Kudos
Give Quiz Kudos
-
- Ratings
hide this ad
Forced Order
Answers have to be entered in order
Answers have to be entered in order
Random Order
Randomize order of answers
Randomize order of answers
Replay
Link that replays current quiz
Next Quiz
Link to next quiz in quiz playlist
You Got
0%
They Got
Avg Score
39%
Avg Friend Score
Upgrade to see
Score Distribution
Jump to the score distribution portion of the page
Score
0/78
Timer
16:00
0
Plays Today
Chinese
English
% Correct
网络d
network
57.1%
卡拉OKd
karaoke
57.1%
急忙p
jimang22
57.1%
有用p
youyong34
57.1%
有用d
useful
57.1%
外卖d
takeout
57.1%
衣食住行d
daily necessities of life
57.1%
老是p
laoshi34
57.1%
几乎p
jihu11
57.1%
几乎d
almost
57.1%
屋子p
wuzi1
57.1%
上瘾p
shangyin43
57.1%
严重p
yanzhong24
57.1%
重要p
zhongyao44
57.1%
帮助p
bangzhu14
57.1%
帮助d
to help
57.1%
免费p
mianfei34
57.1%
新闻d
news
42.9%
资料p
ziliao14
42.9%
资料d
material
42.9%
游戏p
youxi24
42.9%
游戏d
game
42.9%
网站d
website
42.9%
博客p
boke24
42.9%
博客d
blog
42.9%
下载p
xiazai44
42.9%
下载d
to download
42.9%
结果p
jieguo23
42.9%
结果d
as a result
42.9%
出版p
chuban13
42.9%
杂志d
magazine
42.9%
垃圾p
laji11
42.9%
垃圾d
garbage
42.9%
可靠p
kekao34
42.9%
可靠d
reliable
42.9%
总之p
zongzhi31
42.9%
迟到p
chidao24
42.9%
老是d
always
42.9%
害p
hai4
42.9%
Chinese
English
% Correct
待p
dai1
42.9%
待d
to stay
42.9%
屋子d
room
42.9%
上瘾d
to become addicted
42.9%
严重d
serious
42.9%
时代p
shidai24
42.9%
时代d
era
42.9%
重要d
important
42.9%
翻译d
to translate
42.9%
价格p
jiage42
42.9%
感觉p
ganjue32
42.9%
开玩笑p
kaiwanxiao124
42.9%
开玩笑d
to crake a joke
42.9%
网站p
wangzhan34
28.6%
甚至p
shenzhi44
28.6%
甚至d
even
28.6%
卡拉OKp
kalaoukei3111
28.6%
软件p
ruanjian34
28.6%
软件d
software
28.6%
正式p
zhengshi44
28.6%
出版d
to publish
28.6%
杂志p
zazhi24
28.6%
落伍p
luowu43
28.6%
总之d
in short
28.6%
衣食住行p
yishizhuxing1242
28.6%
迟到d
to arrive late
28.6%
害d
to cause trouble
28.6%
翻译p
fanyi14
28.6%
价格d
price
28.6%
感觉d
feeling
28.6%
网络p
wangluo34
14.3%
新闻p
xinwen12
14.3%
急忙d
hastily
14.3%
正式d
formal
14.3%
落伍d
to lag behind
14.3%
外卖p
waimai44
14.3%
敢p
gan3
14.3%
敢d
to dare
14.3%
免费d
to be free of charge
14.3%
Quiz Playlist
Details
Report
Send in Message
Add To Playlist
Classic:
Type in answers that appear in a list
Forced Order:
Answers have to be entered in order
Random Order:
Randomize order of answers
Last Updated: Feb 16, 2017
Quiz Scoreboard
CHALLENGE
Sign Up to Join the Scoreboard
Show All
Scores
Hide
Comments
May contain spoilers
Recently Published
Movies - When Are They Set?
by FPL_Elf
Movies
5m
Popular People in 1961
by mucciniale
History
6m
1-10 Letter E Words III
by El_Dandy
Language
2m
More to Explore
Quiz From the Vault
Featured Blog Post
Where Did the Easter Bunny Come From?
hide this ad
You Might Also Like...
Tags
Chinese Quiz
Nintendo Quiz
Translation Quiz
Today's Top Quizzes in Language
Browse Language
hide this ad
Today's Top Quizzes in Chinese
Browse Chinese
Top Contributed Quizzes in Language
1
Order Up: Top 10 Most Native Spoken Languages
2
1-10 Letter F Words III
3
1-10 Letter G Words III
4
1-10 Letter H Words III
5
One Thing in Common: Italy
6
1-10 Letter I Words III
7
Begins and Ends With AN
8
Weisst du, aus welchen Sprachen diese Wörter stammen?
9
Hiragana Speed Reading
10
1-10 Letter J Words III
Explore More
Trending Topics
Kpop
Disney
Marvel
Crossword
NBA
Harry Potter
Anime
Song
Pokémon
Country
Puzzle
WWE
Soccer
NFL
The Office
hide this ad
More By:
findavidson
Quiz
Plays
Rating
Category
Featured
Created
Korean Alphabet
33,776
4.38
Language
Oct 20, 2011
British Sports Champions 2010s
690
4.75
Sports
Feb 19, 2020
How to learn Korean Unit 1, Lesson 1
96
Language
Apr 10, 2020
How to learn Korean Unit 1, Lesson 2
64
Language
Apr 10, 2020
Quechua Lesson 1
47
Language
Mar 20, 2011
Go to Creator's Profile
Score Distribution
Quiz Creator Spotlight
findavidson
Follow
Send a Message
Quizzes Created
-
Created Quiz Play Count
-
More By This Creator
Popular Quizzes Today
1
Find the Countries of Europe - No Outlines Minefield
2
Find the US States - No Outlines Minefield
3
The Countries of the World
4
Popular People in 1961
5
1-10 Letter E Words III
6
US States
7
Find the US States
8
One Thing in Common: World Cities II
More Language Quizzes
French in English II
Published
Trending Quizzes
Risky Map Clicking: Least Populous States A-Z
1-10 Letter F Words
Humor Books: The Subtitles
1-10 Letter G Words
One Thing in Common: United Kingdom
Recently Updated
Leaping Animals
pecheneg
Reality TV Shows (A-Z)
bhenderson79
Rickey Henderson's Hall of Fame Teammates
pecheneg
Champions League XIs: Arsenal
pecheneg
Quick Pick: Celebrities in WWE's Hall of Fame
aduchscher
A-Z Keypad Blitz II
pecheneg
Multiple Oscar Actors
pecheneg
Mystery Phrase Blitz: Oscar 'Best Actors'
pecheneg
F. Scott Fitzgerald Novels
LTH
Pick 3 Villains
ddd62291
Trending Topics
NBA
Crossword
Marvel
Harry Potter
Kpop
Anime
Disney
Pokémon
The Office
Puzzle
Country
Song
WWE
NFL
Soccer
Your Account Isn't Verified!
In order to create a playlist on Sporcle, you need to verify the email address you used during registration. Go to your
Sporcle Settings
to finish the process.
Report this User
Report this user for behavior that violates our
Community Guidelines
.
Details:
Send Report
Go to the Sporcle.com Mobile Site →
Comments